000 00346nam a2200121Ia 4500
008 220615s9999||||xx |||||||||||||| ||und||
245 0 _aChemical Kinetics
546 _aEnglish[eng]
650 _aPhysical chemistry
700 _aPatel, Vivek
856 _uhttps://mts.intechopen.com/storage/books/1523/authors_book/authors_book.pdf
942 _cEB
999 _c18800
_d18800